| 000 | 00830nam a2200277 a 4500 | ||
|---|---|---|---|
| 008 | |||
| 020 | _a0582413753 (pbk.) | ||
| 049 | _aMAIN | ||
| 090 |
_aQC522 _bMOR |
||
| 100 | 1 | _aMorley, Arthur. | |
| 245 | 1 | 0 |
_aPrinciples of electricity / _cArthur Morley and Edward Hughes. |
| 250 |
_a4th ed. / _brevised by W. Bolton. |
||
| 260 |
_aLondon : _bLongman, _c1986. |
||
| 300 |
_axviii, 476 p. : _bill. ; _c21 cm. |
||
| 500 | _aPrevious ed.: published as Principles of electricity in SI units. 1970. | ||
| 500 | _aIncludes index. | ||
| 650 | 0 | _aElectricity. | |
| 700 | 1 | _aHughes, Edward. | |
| 700 | 1 | _aBolton, W.. | |
| 700 | 1 | _aMorley, Arthur. | |
| 907 |
_a.b10042076 _b21-09-12 _c17-04-03 |
||
| 003 | |||
| 005 | 20230123134206.0 | ||
| 040 | _cNUST | ||
| 942 |
_cBOOKS _kQC522 _mMOR |
||
| 999 |
_c161626 _d161626 |
||